| 000 | 01415nam a2200325 c 4500 | ||
|---|---|---|---|
| 003 | BLK | ||
| 005 | 20220930135432.0 | ||
| 008 | 180411b bul|||||r ||||||| ||bul|| | ||
| 010 | _aKNG00178723000 | ||
| 040 | _aBLK | ||
| 041 |
_aBUL _cBUL |
||
| 080 |
_aМеталургия. Метали и сплави _b669 _x _z669 |
||
| 100 | 1 |
_aМезенин, Николай Александрович _eпърви автор _9338592 |
|
| 700 | 1 |
_aАрнаудова, Екатерина С. _eпрев. от рус. _9322366 |
|
| 139 |
_aМезенин, Николай Александрович _bМ 45 |
||
| 245 | 1 | 0 |
_aЗабавни разкази за желязото _bНауч.-попул. четиво _cНиколай Александрович Мезенин; прев. от рус. Екатерина С. Арнаудова. |
| 257 | _aSUN | ||
| 260 |
_аСофия _bТехника _c1983 _fРусе : Дунав |
||
| 300 |
_a163 с. _bс цв. ил. _c22 см |
||
| 380 | _a62 | ||
| 500 | _aОриг. загл. Занимательно о железе / Николай Александрович Мезенин. - 2 808 тир. | ||
| 650 | 4 |
_aМеталургия, черна _9298212 |
|
| 653 | _aжелязо | ||
| 653 | _aметалургия | ||
| 852 | _aЦб 123934 | ||
| 856 | 4 |
_qpdf _u |
|
| 856 | 4 |
_qpdf _u |
|
| 942 |
_cKNG _n0 _03 |
||
| 944 |
_aCR _c23.07.2015 _kКина_Георгиева |
||
| 944 |
_aED _c26.09.2017 _kВася_Ганчева |
||
| 999 |
_c170564 _d170564 |
||